000 00339nam a2200145Ia 4500
005 20251222153553.0
008 251222s9999||||xx |||||||||||||| ||spa||
020 _a8423924343
082 _a571.8/R94
100 _aRuffiƩ, Jacques
245 0 _aEl Sexo y la Muerte
250 _a1ra. ed.
264 _bEspasa-Calpe, S.A.
942 _cLIB
999 _c30931
_d30931